Statistics for Acronyms of different nations

Click here to take the quiz!

General Stats

  • This quiz has been taken 26 times
  • The average score is 34 of 45

Answer Stats

HintRAnswer% Correct
AArab
100%
DDemocratic
100%
DDemocratic
100%
DDemocratic
100%
EEmirates
100%
RRepublic
100%
RRepublic
100%
RRepublic
100%
RRepublic
100%
RRepublic
100%
RRepublic
100%
RRepublics
100%
SSoviet
100%
Cthe Congo/China
100%
UUnited
100%
UUnited
100%
UUnited
100%
AAmerica
95%
People
95%
SStates
95%
KKingdom
90%
KKingdom
90%
Oof
90%
CChina
86%
CCongo
86%
DDominican
86%
KKorea
86%
PPeople's
86%
PPeople's
86%
SSocialist/Sovereign
81%
UUnion
81%
GGerman
67%
AArabia
57%
SSaudi
52%
RRomanus
48%
Roman
43%
and the
29%
Qque
29%
SSenatus
29%
PPopulus
24%
the Senate
24%
CConfoederatio
14%
HHelvetica
14%
Helvetic/Swiss
14%
Confederation
10%

Score Distribution

Percentile by Number Answered

Percent of People with Each Score

Your Score History

You have not taken this quiz